<?xml version="1.0" encoding="UTF-8"?><?xml-stylesheet type="text/xsl" href="static/style.xsl"?><OAI-PMH xmlns="http://www.openarchives.org/OAI/2.0/" xmlns:xsi="http://www.w3.org/2001/XMLSchema-instance" xsi:schemaLocation="http://www.openarchives.org/OAI/2.0/ http://www.openarchives.org/OAI/2.0/OAI-PMH.xsd"><responseDate>2026-04-17T12:08:58Z</responseDate><request verb="GetRecord" identifier="oai:riubu.ubu.es:10259/10827" metadataPrefix="marc">https://riubu.ubu.es/oai/request</request><GetRecord><record><header><identifier>oai:riubu.ubu.es:10259/10827</identifier><datestamp>2025-09-01T09:46:15Z</datestamp><setSpec>com_10259_2699</setSpec><setSpec>col_10259_2703</setSpec></header><metadata><record xmlns="http://www.loc.gov/MARC21/slim" xmlns:doc="http://www.lyncode.com/xoai" xmlns:xsi="http://www.w3.org/2001/XMLSchema-instance" xmlns:dcterms="http://purl.org/dc/terms/" xsi:schemaLocation="http://www.loc.gov/MARC21/slim http://www.loc.gov/standards/marcxml/schema/MARC21slim.xsd">
<leader>00925njm 22002777a 4500</leader>
<datafield tag="042" ind1=" " ind2=" ">
<subfield code="a">dc</subfield>
</datafield>
<datafield tag="720" ind1=" " ind2=" ">
<subfield code="a">Gañán Adánez, Ángel</subfield>
<subfield code="e">author</subfield>
</datafield>
<datafield tag="260" ind1=" " ind2=" ">
<subfield code="c">2025</subfield>
</datafield>
<datafield tag="520" ind1=" " ind2=" ">
<subfield code="a">Con esta tesis doctoral se ha querido describir como enseñan y que herramientas usa el&#xd;
profesorado que imparte inglés en las aulas de Burgos tanto en los centros educativos de la&#xd;
capital como en los de la provincia en Centros educativos de Infantil, de Educación Primaria,&#xd;
Secundaria, Bachillerato, Formación Profesional, en la Escuela Oficial de idiomas como en&#xd;
Centros Educativos de Personas Adultas. Para poder llevarlo a cabo se realizó un cuestionario&#xd;
que completó el profesorado durante el curso 2020 con el cual se completó un estudio&#xd;
descriptivo, correlativo y se recogieron distintas sugerencias. El profesorado aunque sigue&#xd;
usando todavía herramientas tradicionales también trabaja con herramientas y metodologías&#xd;
comunicativas encontrándose diferencias significativas según el género y la edad del&#xd;
profesorado pudiendo destacar la motivación y la inclusión de las TIC en los procesos de&#xd;
enseñanza de idiomas.</subfield>
</datafield>
<datafield tag="520" ind1=" " ind2=" ">
<subfield code="a">This doctoral thesis aims to describe how teachers who instruct English in Burgos classrooms&#xd;
teach and what tools they use, in the capital's educational centers and in those of the province&#xd;
in Early Childhood Education Centers, Primary Education, Secondary Education, Sixth Form,&#xd;
Vocational Training, in the Official Language School and in Adult Education Centers. In order to&#xd;
develop, a questionnaire was carried out by the teachers during the 2020 academic year with&#xd;
which a descriptive and correlative study and was completed with different suggestions were&#xd;
collected. Although the teachers still use traditional tools, they also work with communicative&#xd;
tools and methodologies, finding significant differences according to the gender and age of the&#xd;
teachers, highlighting the motivation and inclusion of ICT in language teaching processes</subfield>
</datafield>
<datafield tag="024" ind2=" " ind1="8">
<subfield code="a">https://hdl.handle.net/10259/10827</subfield>
</datafield>
<datafield tag="024" ind2=" " ind1="8">
<subfield code="a">10.36443/10259/10827</subfield>
</datafield>
<datafield ind1=" " ind2=" " tag="653">
<subfield code="a">Enfoque tradicional</subfield>
</datafield>
<datafield ind1=" " ind2=" " tag="653">
<subfield code="a">Enfoque comunicativo</subfield>
</datafield>
<datafield ind1=" " ind2=" " tag="653">
<subfield code="a">Enseñanza de idiomas</subfield>
</datafield>
<datafield ind1=" " ind2=" " tag="653">
<subfield code="a">Edad</subfield>
</datafield>
<datafield ind1=" " ind2=" " tag="653">
<subfield code="a">Sexo</subfield>
</datafield>
<datafield ind1=" " ind2=" " tag="653">
<subfield code="a">Traditional approach</subfield>
</datafield>
<datafield ind1=" " ind2=" " tag="653">
<subfield code="a">Communicative approach</subfield>
</datafield>
<datafield ind1=" " ind2=" " tag="653">
<subfield code="a">Language teaching</subfield>
</datafield>
<datafield ind1=" " ind2=" " tag="653">
<subfield code="a">Age</subfield>
</datafield>
<datafield ind1=" " ind2=" " tag="653">
<subfield code="a">Sex</subfield>
</datafield>
<datafield tag="245" ind1="0" ind2="0">
<subfield code="a">Análisis y expectativas del profesorado de inglés de Educación Primaria, Secundaria, Bachillerato, FP y EOI en Burgos</subfield>
</datafield>
</record></metadata></record></GetRecord></OAI-PMH>